| 000 -LEADER |
| fixed length control field |
01482cam a2200421 a 4500 |
| 001 - CONTROL NUMBER |
| control field |
9684485 |
| 003 - CONTROL NUMBER IDENTIFIER |
| control field |
Nust- CAS-E |
| 005 - DATE AND TIME OF LATEST TRANSACTION |
| control field |
20180118181407.0 |
| 006 - FIXED-LENGTH DATA ELEMENTS--ADDITIONAL MATERIAL CHARACTERISTICS |
| fixed length control field |
m u |
| 007 - PHYSICAL DESCRIPTION FIXED FIELD--GENERAL INFORMATION |
| fixed length control field |
cr cn||||||||| |
| 008 - FIXED-LENGTH DATA ELEMENTS--GENERAL INFORMATION |
| fixed length control field |
110304s2011 enkad sb 001 0 eng d |
| 010 ## - LIBRARY OF CONGRESS CONTROL NUMBER |
| Canceled/invalid LC control number |
2011007847 |
| 020 ## - INTERNATIONAL STANDARD BOOK NUMBER |
| Canceled/invalid ISBN |
9780470745793 (cloth) |
| 020 ## - INTERNATIONAL STANDARD BOOK NUMBER |
| Canceled/invalid ISBN |
9780470745786 (pbk.) |
| 020 ## - INTERNATIONAL STANDARD BOOK NUMBER |
| Canceled/invalid ISBN |
9781119970958 (oBook) |
| 020 ## - INTERNATIONAL STANDARD BOOK NUMBER |
| Canceled/invalid ISBN |
9781119972860 (ePub) |
| 020 ## - INTERNATIONAL STANDARD BOOK NUMBER |
| Canceled/invalid ISBN |
9781119972877 (eMobi) |
| 020 ## - INTERNATIONAL STANDARD BOOK NUMBER |
| Canceled/invalid ISBN |
9781119970965 (e-book) |
| 035 ## - SYSTEM CONTROL NUMBER |
| System control number |
(CaPaEBR)ebr10483286 |
| 035 ## - SYSTEM CONTROL NUMBER |
| System control number |
(NNC)9684485 |
| 040 ## - CATALOGING SOURCE |
| Original cataloging agency |
CaPaEBR |
| Transcribing agency |
CaPaEBR |
| 050 14 - LIBRARY OF CONGRESS CALL NUMBER |
| Classification number |
QC793.5.E627 |
| Item number |
W55 2011eb |
| 082 04 - DEWEY DECIMAL CLASSIFICATION NUMBER |
| Classification number |
539.7 |
| Edition number |
22 |
| Author Mark |
Wil 2011 |
| 100 1# - MAIN ENTRY--PERSONAL NAME |
| Personal name |
Willmott, Phil |
| Fuller form of name |
(Phil R.) |
| 245 13 - TITLE STATEMENT |
| Title |
An introduction to synchrotron radiation |
| Medium |
[electronic resource] : |
| Remainder of title |
techniques and applications / |
| Statement of responsibility, etc. |
Phil Willmott. |
| 260 ## - PUBLICATION, DISTRIBUTION, ETC. |
| Place of publication, distribution, etc. |
Chichester, West Sussex, U.K. : |
| Name of publisher, distributor, etc. |
Wiley, |
| Date of publication, distribution, etc. |
2011. |
| 300 ## - PHYSICAL DESCRIPTION |
| Extent |
xiv, p. : |
| Other physical details |
ill. (chiefly col.) |
| 502 ## - DISSERTATION NOTE |
| Dissertation note |
0 |
| 504 ## - BIBLIOGRAPHY, ETC. NOTE |
| Bibliography, etc. note |
Includes bibliographical references and index. |
| 533 ## - REPRODUCTION NOTE |
| Type of reproduction |
Electronic reproduction. |
| Place of reproduction |
Palo Alto, Calif. : |
| Agency responsible for reproduction |
ebrary, |
| Date of reproduction |
2011. |
| Note about reproduction |
Available via World Wide Web. |
| -- |
Access may be limited to ebrary affiliated libraries. |
| 650 #0 - SUBJECT ADDED ENTRY--TOPICAL TERM |
| Topical term or geographic name entry element |
Synchrotron radiation. |
| 650 #0 - SUBJECT ADDED ENTRY--TOPICAL TERM |
| Topical term or geographic name entry element |
X-ray optics. |
| 655 #7 - INDEX TERM--GENRE/FORM |
| Genre/form data or focus term |
Electronic books. |
| Source of term |
local |
| 710 2# - ADDED ENTRY--CORPORATE NAME |
| Corporate name or jurisdiction name as entry element |
ebrary, Inc. |
| 856 40 - ELECTRONIC LOCATION AND ACCESS |
| Uniform Resource Identifier |
<a href="http://www.columbia.edu/cgi-bin/cul/resolve?clio9684485">http://www.columbia.edu/cgi-bin/cul/resolve?clio9684485</a> |
| Public note |
Click here for full text. |
| 942 ## - ADDED ENTRY ELEMENTS (KOHA) |
| Source of classification or shelving scheme |
|
| Koha item type |
Book |